000 00279nam a2200109Ia 4500
001 588885
005 20250717120839.0
008 250717s9999 xx 000 0 und d
245 0 _aY-7 AMİDÜLMÜLK KÜNDÜRİ
_cMUSTAFA ALİ CAN
260 _bERDEM YAYINLARI
_c2018
300 _b133
999 _c588885
_d588885